Les 30 joueurs les + chers du Real Madrid - Statistiques

Statistiques générales
  • Ce quiz a été pris 452 fois
    69 depuis la dernière actualisation
  • Le résultat moyen est 24 sur 30
Statistiques - réponses
# Saison De Poste Valeur du transfert Pays Joueur % Correct
4 09/10 Manchester United A 94 000 000 € Cristiano Ronaldo
100%
19 02/03 Inter A 45 000 000 € Ronaldo Nazario
100%
2 19/20 Chelsea FC A 120 800 000 € Eden Hazard
98%
1 23/24 Borussia Dortmund M 127 000 000 € Jude Bellingham
98%
3 13/14 Tottenham Hotspur A 101 000 000 € Gareth Bale
96%
6 01/02 Juventus M 77 500 000 € Zinédine Zidane
96%
5 22/23 AS Monaco M 80 000 000 € Aurélien Tchouaméni
94%
10 00/01 FC Barcelona A 60 000 000 € Luís Figo
91%
23 12/13 Tottenham Hotspur M 35 000 000 € Luka Modric
91%
17 18/19 CR Flamengo A 45 000 000 € Vinicius Junior
91%
7 14/15 AS Monaco M 75 000 000 € James Rodríguez
89%
22 18/19 Chelsea FC G 35 000 000 € Thibaut Courtois
89%
8 09/10 AC Milan M 67 000 000 € Kaká
87%
24 09/10 Olympique Lyonnais A 35 000 000 € Karim Benzema
87%
9 19/20 Eintracht Frankfurt A 63 000 000 € Luka Jović
83%
16 19/20 Santos FC A 45 000 000 € Rodrygo
83%
15 24/25 SE Palmeiras A 47 500 000 € Endrick
81%
14 19/20 Olympique Lyonnais D 48 000 000 € Ferland Mendy
81%
21 03/04 Manchester United A 37 500 000 € David Beckham
79%
11 25/26 AFC Bournemouth D 59 500 000 € Dean Huijsen
79%
12 19/20 FC Porto D 50 000 000 € Éder Militão
75%
20 15/16 Inter M 38 000 000 € Mateo Kovacic
72%
27 09/10 Liverpool FC M 34 500 000 € Xabi Alonso
70%
28 10/11 SL Benfica A 33 000 000 € Ángel Di María
68%
25 07/08 Chelsea FC A 35 000 000 € Arjen Robben
68%
13 25/26 SL Benfica D 50 000 000 € Álvaro Carreras
66%
18 25/26 CA River Plate A 45 000 000 € Franco Mastantuono
66%
26 99/00 Arsenal FC A 35 000 000 € Nicolas Anelka
64%
30 13/14 Real Sociedad M 32 000 000 € Asier Illarramendi
32%
29 18/19 Real Sociedad D 32 000 000 € Álvaro Odriozola
28%
Aucun quiz correspondant
Distribution des résultats
% des personnes avec chaque résultat
Percentile par nombre de réponses
Votre historique - résultats
Vous n’avez pas pris ce quiz depuis la dernière actualisation